000 00715cam a22002533a 4500
001 31935
003 PGUSA
005 20140828083706.0
008 100410s2010||||xxu|||||s|||||000 | eng d
040 _aPGUSA
_beng
042 _adc
050 4 _aPJ
100 1 _aLangdon, Stephen,
_d1876-1937
245 1 0 _aSumerian Liturgies and Psalms
_h[electronic resource] /
_cStephen Langdon
260 _bProject Gutenberg,
_c2010
506 _aPublic domain in the USA.
516 _aElectronic text
653 _aHymns, Sumerian
653 _aSumerians -- Religion
653 _aSumerian language -- Texts
830 0 _aProject Gutenberg
_v31935
856 4 0 _uhttp://www.gutenberg.org/ebooks/31935
942 _cEB
999 _c261190
_d261190